| 000 | 00606nam a22001937a 4500 | ||
|---|---|---|---|
| 005 | 20251108165043.0 | ||
| 008 | 250721s1986 xx 000 0 ara d | ||
| 082 | 1 | 4 | _a928.1/طما |
| 100 | 1 | _aالطحاوي، أحمد حسين | |
| 245 | 1 | 0 |
_aصبري السربوني : _bسيرة تاريخية و صورة حياة / |
| 264 | 1 |
_aالقاهرة : _bالهيئة المصرية العامة للكتاب، _c1986. |
|
| 300 | _a330ص | ||
| 490 | 0 | _aأعلام العرب ؛ 123 | |
| 650 | 1 | 7 | _aالتراجم |
| 650 | 1 | 7 | _aالأدباء |
| 650 | 1 | 7 | _aمصر |
| 942 |
_2ddc _cBK |
||
| 999 |
_c20998 _d20998 |
||